|
|
|
|
| LEADER |
01227nam a2200313 a 4500 |
| 001 |
3122 |
| 003 |
BD-DhAAL |
| 005 |
20150426091219.0 |
| 008 |
150426s1992 caua b 001 0 eng |
| 010 |
|
|
|a 92002644
|
| 020 |
|
|
|a 0803946341
|
| 020 |
|
|
|a 080394635X (pbk.)
|
| 040 |
|
|
|a DLC
|c DLC
|d DLC
|d BD-DhAAL
|
| 050 |
0 |
0 |
|a HD75.6
|b .S74 1992
|
| 082 |
0 |
0 |
|a 333.7
|2 20
|
| 100 |
1 |
|
|a Stead, W. Edward.
|9 10647
|
| 245 |
1 |
0 |
|a Management for a small planet :
|b strategic decision making and the environment /
|c W. Edward Stead, Jean Garner Stead.
|
| 260 |
|
|
|a Newberry Park, Calif. :
|b Sage Publications,
|c c1992.
|
| 300 |
|
|
|a xii, 212 p. :
|b ill. ;
|c 24 cm.
|
| 504 |
|
|
|a Includes bibliographical references (p. 192-201) and indexes.
|
| 541 |
|
|
|e 3122
|
| 650 |
|
0 |
|a Economic development
|x Environmental aspects.
|9 8833
|
| 650 |
|
0 |
|a Natural resources
|x Management.
|9 10648
|
| 650 |
|
0 |
|a Strategic planning.
|9 10649
|
| 650 |
|
0 |
|a Industrial management
|x Environmental aspects.
|9 6176
|
| 700 |
1 |
|
|a Stead, Jean Garner.
|9 10650
|
| 942 |
|
|
|2 ddc
|c BK
|
| 999 |
|
|
|c 34301
|d 34301
|
| 952 |
|
|
|0 0
|1 0
|2 ddc
|4 0
|6 333_700000000000000_STE
|7 0
|9 53557
|a SCL
|b SCL
|c GEN
|d 2015-04-26
|e Gift: The Asia Foundation
|l 0
|o 333.7 STE
|p 3020003122
|r 2015-04-26
|t 1
|w 2015-04-26
|y BK
|